SCDA architects II : the architecture of Soo Chan (Record no. 8075)

000 -LEADER
fixed length control field 00362nam a22001337a 4500
003 - CONTROL NUMBER IDENTIFIER
control field OSt
005 - DATE AND TIME OF LATEST TRANSACTION
control field 20200706110159.0
008 - FIXED-LENGTH DATA ELEMENTS--GENERAL INFORMATION
fixed length control field 200706b ||||| |||| 00| 0 eng d
082 ## - DEWEY DECIMAL CLASSIFICATION NUMBER
Classification number 720.959
Item number CHA
100 ## - MAIN ENTRY--PERSONAL NAME
Personal name Chan, Soo,
Dates associated with a name 1962-
245 ## - TITLE STATEMENT
Title SCDA architects II : the architecture of Soo Chan
260 ## - PUBLICATION, DISTRIBUTION, ETC. (IMPRINT)
Place of publication, distribution, etc Australia
Name of publisher, distributor, etc Images Publishing Dist Ac
Date of publication, distribution, etc 2013
942 ## - ADDED ENTRY ELEMENTS (KOHA)
Source of classification or shelving scheme
Holdings
Withdrawn status Lost status Source of classification or shelving scheme Damaged status Koha normalized classification for sorting Not for loan Permanent location Current location Date acquired Full call number Barcode Date last seen Price effective from Koha item type
        720_959000000000000_CHA   BMS College of Architecture, Design and Planning BMS College of Architecture, Design and Planning 2020-07-06 720.959 CHA AR-UG1677 2020-07-06 2020-07-06 UG Books
Copyright © 2025, The Librarian, Library and Information Centre, BMSCA D&P, Bengaluru. All Rights Reserved
web counter

Powered by Koha